00539nam a2200181 a 45000010010000000030011000100080041000210350026000620820014000881000021001022450034001232600046001576500018002039420012002219520089002339980020003229990015003420000-8681ELIB.Books110520 1978  a(ELIB.Books)0000-8827 a225 bWin aWinter, Ralph D. aThe World Study New Testament bIllinois: Tyndale House Publishers c1978 aNew Testament 2ddccBK 00102ddc4070aKBTSbKBTSd2011-05-20l0p800r2022-01-22 00:00:00w2022-01-22yBK cbate2011-05-20 c8681d8681